000 01244cai a22002655a 4500
001 L139963
008 070823s2007 xxk f 000 0 eng d
035 _a(Sirsi) u139963
041 0 _aeng
050 0 4 _a306.1 $2 18
110 2 _aTown and Country Planning Association
_93022
245 0 0 _aEco-towns
_bscoping report
_h[electronic resource]
260 _aTCPA
_bLondon
_c2007
505 2 _aThe context for the eco-towns initiative -- What are eco-towns? -- Assessing eco-town status: preliminary ideas of criteria -- Eco-towns: where to from here?
520 _aAims to provide practical advice to help potential bidders, local authorities and others on how the eco-towns initiative can be taken forward. This is part of the drive to create more affordable, sustainable homes. See also: Department Communities and Local Government Eco-towns prospectus (L139295).
590 _aka
650 2 4 _aDELG ECO-TOWNS INITIATIVE
650 2 4 _aHOUSING GREEN PAPER 2007
650 2 4 _aAffordable housing
_96215
651 4 _aEngland
690 _aPROPERTY-RESIDENTIAL PROPERTY-RESIDENTIAL PROPERTY DEVELOPMENT
700 1 _aLock, David
856 4 8 _uhttps://www.tcpa.org.uk/
_zView this item free of charge at www.tcpa.org.uk
942 _n0
999 _c107387
_d107387